000 00452nam a2200181Ia 4500
005 20240402092200.0
008 131103s9999 xx 000 0 und d
040 _aLoreto College
041 _aEnglish
082 _a420.7
_bCHA
100 _aChapman, L.R.H.
245 _aTeaching english to beginners
_cL.R.H.Chapman
260 _aLondon
_bLongmans
_c1958
300 _avii,139p.
650 _aEnglish language
850 _aLCBED
942 _cBK
999 _c27511
_d77990